EMU Challenges European Labor Markets /

This paper discusses the challenges that European Monetary Union (EMU) poses for European labor markets, emphasizing in particular the regional dimension of the European unemployment problem. The authors argue that the inability of labor markets to adjust to shocks is largely a regional problem with...

Deskribapen osoa

Xehetasun bibliografikoak
Egile nagusia: Krieger-Boden, Christiane
Beste egile batzuk: Dohse, Dirk, Soltwedel, Rudiger
Formatua: Aldizkaria
Hizkuntza:English
Argitaratua: Washington, D.C. : International Monetary Fund, 1999.
Saila:IMF Working Papers; Working Paper ; No. 1999/131
Sarrera elektronikoa:Full text available on IMF
LEADER 01785cas a2200265 a 4500
001 AALejournalIMF001042
008 230101c9999 xx r poo 0 0eng d
020 |c 5.00 USD 
020 |z 9781451855265 
022 |a 1018-5941 
040 |a BD-DhAAL  |c BD-DhAAL 
100 1 |a Krieger-Boden, Christiane. 
245 1 0 |a EMU Challenges European Labor Markets /  |c Christiane Krieger-Boden, Dirk Dohse, Rudiger Soltwedel. 
264 1 |a Washington, D.C. :  |b International Monetary Fund,  |c 1999. 
300 |a 1 online resource (50 pages) 
490 1 |a IMF Working Papers 
500 |a <strong>Off-Campus Access:</strong> No User ID or Password Required 
500 |a <strong>On-Campus Access:</strong> No User ID or Password Required 
506 |a Electronic access restricted to authorized BRAC University faculty, staff and students 
520 3 |a This paper discusses the challenges that European Monetary Union (EMU) poses for European labor markets, emphasizing in particular the regional dimension of the European unemployment problem. The authors argue that the inability of labor markets to adjust to shocks is largely a regional problem within EMU member countries, requiring structural reforms to enhance labor market flexibility but also a decentralization of competencies and greater diversity of labor market outcomes. Any attempt to successfully reform European labor markets and 'make them fit for EMU' has to take into account the regional-and even a more decentralized firm-perspective. 
538 |a Mode of access: Internet 
700 1 |a Dohse, Dirk. 
700 1 |a Soltwedel, Rudiger. 
830 0 |a IMF Working Papers; Working Paper ;  |v No. 1999/131 
856 4 0 |z Full text available on IMF  |u http://elibrary.imf.org/view/journals/001/1999/131/001.1999.issue-131-en.xml  |z IMF e-Library